00630nam a22001697a 450000500170000001000130001702000260003003500110005603700130006708200110008010000340009124501000012524600740022526000520029927000870035130000220043820190530125509.0 aUR-10163 c300.00a9789387829787 aU-8718 bDBAD/PUB a843.08 aزر نگا ر يا سمين  aنۓ پر ا نے ا فسا نے متن ا و ر تجز يۓcزر نگا ر يا سمين  bNaye Purane Afsaney Matan Aur Tajziye (Urdu)aby Dr. Zarnigar Yasmeen a DelhibEducational Publishing Housec2018 ء  a3191،Vakil Street,Kucha Pandit,Lal Kuan,bDelhie110006k23216162l00911123211540 a272صc22 Cm(B.b)